Varietes differentiables : formes, courants, formes harmoniques
Saved in:
| Main Author: | |
|---|---|
| Format: | Book |
| Language: | French |
| Published: |
Paris :
Hermann,
1973.
|
| Edition: | 3η εκδ. |
| Series: | Actualites scientifiques et industrielles ;
1222b Publications de l'Institut de mathematique de l'Universite de Nancago ; 3 |
| Subjects: | |
| Tags: |
Add Tag
No Tags, Be the first to tag this record!
|
MARC
| LEADER | 00000cam a2200000 i 4500 | ||
|---|---|---|---|
| 001 | 1/57115 | ||
| 008 | 941103s1973 fr | ||| |||| ||fre|| | ||
| 020 | |a 270561222X | ||
| 035 | |l 10045684 | ||
| 035 | |a 1988 |c ΙΩΑΝΝΙΔΗΣ | ||
| 040 | |a GR-MyUA |b gre |e AACR2 | ||
| 041 | 0 | |a fre | |
| 100 | 1 | |a Rham, Georges de. | |
| 245 | 1 | 0 | |a Varietes differentiables : |b formes, courants, formes harmoniques / |c Georges de Rham. |
| 250 | |a 3η εκδ. | ||
| 260 | |a Paris : |b Hermann, |c 1973. | ||
| 300 | |a x, 198 σ. ; |c 24 εκ. | ||
| 490 | 1 | |a (Actualites scientifiques et industrielles ; |v 1222b) | |
| 490 | 1 | |a (Publications de l'Institut de mathematique de l'Universite de Nancago ; |v 3) | |
| 500 | |a Errata slip inserted. | ||
| 504 | |a Βιβλιογραφία: σ. [189]-192. Ευρετήρια. | ||
| 650 | 0 | |a Differentiable manifolds. | |
| 650 | 0 | |a Differential forms. | |
| 650 | 0 | |a Riemannian manifolds. | |
| 767 | 0 | 8 | |i Μεταφρασμένο ως: |t Differentiable manifolds : |
| 830 | 0 | |a Actualites scientifiques et industrielles ; |v 1222b | |
| 830 | 0 | |a Publications de l'Institut de mathematique de l'Universite de Nancago ; |v 3 | |
| 852 | |a INST |b SAMOS |e 19941103 |h 514.3 RHA |p 005300002968 |q 005300002968 |t BK |y 0 | ||